Capacidad de soporte del macizo rocoso de fundación de la presa del Proyecto Hidroeléctrico Pirris
Guardado en:
| Hovedforfatter: | |
|---|---|
| Format: | Bog |
| Udgivet: |
San José, C.R.
1998
|
| Fag: | |
| Tags: |
Tilføj Tag
Ingen Tags, Vær først til at tagge denne postø!
|
MARC
| LEADER | 00000nam a2200000Ia 4500 | ||
|---|---|---|---|
| 003 | 008579 | ||
| 005 | 20221231144221.0 | ||
| 008 | 140114s1998 cr a m 000 ||s d | ||
| 040 | |c cru CEDI | ||
| 090 | |a TFG 3910 | ||
| 100 | |a Jiménez Jiménez, Marlon Alfonso |9 8907 | ||
| 245 | |a Capacidad de soporte del macizo rocoso de fundación de la presa del Proyecto Hidroeléctrico Pirris | ||
| 260 | |c 1998 |a San José, C.R. | ||
| 300 | |a xii, 140 hojas | ||
| 500 | |a Tesis (licenciatura en ingeniería civil)--Universidad de Costa Rica. Facultad de Ingeniería. Escuela de Ingeniería Civil | ||
| 650 | |x INSTITUTO COSTARRICENSE DE ELECTRICIDAD.. PROYECTO HIDROELECTRICO PIRRIS |x RESISTENCIA DE MATERIALES |x REPRESAS - INVESTIGACIONES |9 8908 | ||
| 942 | |c TFG | ||
| 999 | |c 18587 |d 18587 | ||
